Cómputo de votos y declaratorias de elección para presidente y vicepresidentes, diputados a la Asamblea Legislativa, regidores y síndicos municipales. Elecciones del 05 de febrero de 1978 /
Αποθηκεύτηκε σε:
| Συγγραφή απο Οργανισμό/Αρχή: | |
|---|---|
| Μορφή: | Κείμενο |
| Γλώσσα: | Spanish |
| Θέματα: | |
| Ετικέτες: |
Προσθήκη ετικέτας
Δεν υπάρχουν, Καταχωρήστε ετικέτα πρώτοι!
|
MARC
| LEADER | 00000 a a2200000 04500 | ||
|---|---|---|---|
| 001 | 42793 | ||
| 003 | cru CRAIS/IIS | ||
| 005 | 20211019092206.0 | ||
| 008 | 211019b |||||||| |||| 00| 0 spa d | ||
| 040 | |c CRAIS/IIS | ||
| 110 | |a Costa Rica. Tribunal Supremo de Elecciones | ||
| 245 | |a Cómputo de votos y declaratorias de elección para presidente y vicepresidentes, diputados a la Asamblea Legislativa, regidores y síndicos municipales. Elecciones del 05 de febrero de 1978 / |c Tribunal Supremo de Elecciones de Costa Rica. | ||
| 300 | |a 358p. | ||
| 500 | |a Fotocopia | ||
| 650 | |a COSTA RICA | ||
| 650 | |a ELECCIONES | ||
| 650 | |a VOTACION | ||
| 650 | |a SISTEMAS ELECTORALES | ||
| 650 | |a PODER LEGISLATIVO | ||
| 650 | |a PODER EJECUTIVO | ||
| 650 | |a GOBIERNO LOCAL | ||
| 650 | |a ESTADISTICAS | ||
| 773 | |g número1 (1978) | ||
| 942 | |2 ddc |c LI | ||
| 999 | |c 33541 |d 33541 | ||
